| LEADER |
00970nam0a2200229 450 |
| 001 |
16847000 |
| 010 |
|
|
|a 978-2-35413-260-6
|b cart.
|d 20
|
| 100 |
|
|
|a 20141202d2014 u u0frey01 ba
|
| 101 |
0 |
|
|a fre
|
| 102 |
|
|
|a FR
|
| 200 |
0 |
|
|a monstre aux yeux de feu (Le)
|f Annelies Schwarz
|g illustrations Kveta Pacovska
|
| 207 |
|
1 |
|a
|
| 210 |
|
|
|a Paris
|c Minedition
|d 2014
|
| 215 |
|
|
|a 1 vol. (34 p.)
|c illustrations en couleur
|d 25 x 27 cm
|
| 225 |
1 |
|
|a Un livre d'images Minedition
|x 1958-086X
|
| 300 |
|
|
|a Traduit de l'allemand
|
| 330 |
|
|
|a Depuis qu'il a passé une nuit de rêve dans les airs, sur la terre et sous la mer, Rikki est persuadé qu'il existe un monstre capable à la fois de courir, voler, plonger et nager. Electre 2014
|
| 700 |
|
0 |
|a Schwarz
|b Annelies
|f 1938-....
|4 70
|
| 701 |
|
0 |
|a Pacovska
|b Kveta
|4 440
|
| 900 |
|
|
|a Album
|
| 901 |
|
|
|a Accessible au prêt
|
| 995 |
|
|
|a Bibliothèque
|c Bibliothèque
|f 00156008171993
|h 00156008171993
|k A SCH
|o p
|q j
|r az
|e Bibliothèque
|